| 000 | 00640nam a2200181Ia 4500 | ||
|---|---|---|---|
| 005 | 20250923144713.0 | ||
| 008 | 008 250917s9999 xx 000 0 eng d | ||
| 037 | _aTextual | ||
| 040 |
_aDSWL _beng _cDSWL |
||
| 041 |
_aeng _2eng |
||
| 084 |
_aY31:1oaL.23661'N59t4, N60 _qDSWL |
||
| 100 |
_aMehta, Jyotsna A. _9827557 |
||
| 245 | 0 |
_aSurvey of the attitude of people in municipal corporation V. jamnagar toward Atc. Adic. system of medicine _cby Jyotsna A. Mehta |
|
| 260 |
_aDelhi _bDelhi _c1960 |
||
| 300 | _avi,57,iiip. | ||
| 942 |
_cTEXL _hY31:1oaL.23661'N59t4, N60 |
||
| 999 |
_c1442278 _d1442278 |
||